Guess the Bruno Mars Song #4 - Statistics

General Stats
  • This quiz has been taken 103 times
  • The average score is 135 of 224
Answer Stats
% Correct
I
97%
a
88%
you
87%
the
83%
to
80%
me
77%
when
75%
Do
70%
In
70%
on
70%
My
68%
my
68%
am
67%
up
65%
who
63%
you're
63%
You're
63%
don't
62%
know
62%
Oh
62%
oh
62%
want
62%
get
58%
hear
58%
moon
58%
moon?
58%
talk
58%
Talking
58%
talking
58%
too
58%
what
58%
by
57%
there
57%
I'm
55%
they
55%
They
55%
'cause
53%
'Cause
53%
had
53%
like
53%
out
53%
but
52%
But
52%
ever
52%
At
50%
night
50%
sit
50%
think
50%
yeah
50%
all
48%
away
48%
of
48%
other
48%
side
48%
alone
47%
back
47%
every
47%
myself
47%
Tryna
47%
tryna
47%
down
45%
far
45%
fool
45%
hopes
45%
somewhere
45%
stars
45%
light
43%
Or
43%
say
43%
crazy
42%
goes
42%
sits
42%
room
40%
sun
40%
town
40%
understand
40%
I've
38%
mad
37%
gone
35%
calling?
33%
feelin'
33%
neighbors
33%
Still
33%
Ah
28%
ah
28%
famous
28%
Someone's
28%
they're
27%
No matching quizzes found
Score Distribution
Percent of People with Each Score
Percentile by Number Answered
Your Score History
You have not taken this quiz